000 00472nam a2200205Ia 4500
008 210210b2008 xxu||||| |||| 00| 0 eng d
020 _a9788126518944
041 _aeng
082 _a530 BENU
100 _aBENSON (Harris)
245 _aUniversity physics Rev Ed
260 _aNew Delhi
_bJohn Wiley and Sons
_c2008
300 _axvi,981
650 _aUniversity
650 _aRev
650 _aphysics
650 _aEd
690 _aPhysics
906 _a064206
999 _c140210
_d140210